| 000 | 00340nam a2200133Ia 4500 | ||
|---|---|---|---|
| 008 | 220204s9999 xx 000 0 und d | ||
| 082 |
_a062 _bMCC |
||
| 100 | _aMccormick, Ernest J | ||
| 245 | 0 | _aHuman factors in engineering and design | |
| 250 | _a4 | ||
| 260 |
_aNew Delhi _bTata McGraw Hill _c1976 |
||
| 650 | _aEngineering | ||
| 942 | _cBK | ||
| 999 |
_c30530 _d30530 |
||